[Event "DVM U14 2022"]
[Site "Kelheim GER"]
[Date "2022.12.28"]
[Round "4"]
[White "Khachaturyan, Konstantin"]
[Black "Ehrlich, Patrick"]
[Result "0-1"]
[Termination "normal"]
[Board "10.2"]
[WhiteElo "1361"]
[BlackElo "1522"]
[WhiteClock "00:13:30"]
[BlackClock "01:02:18"]
[WhiteTeam "Karlsruher SF 1853"]
[BlackTeam "SF Birkenfeld"]
[PlyCount "122"]
[WhiteFideId "16239083"]
[BlackFideId "34604316"]
[EventCountry "GER"]
[EventRounds "7"]
[EventType "team-swiss"]
[EventDate "2022.12.26"]

1. e4 {[%clk 01:30:58]} {[%emt 00:00:02]} d6 {[%clk 01:30:57]} {[%emt
00:00:04]} 2. d4 {[%clk 01:31:25]} {[%emt 00:00:03]} Nf6 {[%clk 01:31:23]}
{[%emt 00:00:04]} 3. Nc3 {[%clk 01:31:51]} {[%emt 00:00:04]} g6 {[%clk
01:31:45]} {[%emt 00:00:07]} 4. Bg5 {[%clk 01:32:14]} {[%emt 00:00:07]} c6
{[%clk 01:32:03]} {[%emt 00:00:13]} 5. Be2 {[%clk 01:31:58]} {[%emt 00:00:46]}
b5 {[%clk 01:32:24]} {[%emt 00:00:09]} 6. Nf3 {[%clk 01:30:50]} {[%emt
00:01:38]} Bg7 {[%clk 01:30:27]} {[%emt 00:02:27]} 7. e5 {[%clk 01:30:39]}
{[%emt 00:00:41]} dxe5 {[%clk 01:29:06]} {[%emt 00:01:51]} 8. dxe5 {[%clk
01:31:00]} {[%emt 00:00:09]} Nfd7 {[%clk 01:27:07]} {[%emt 00:02:29]} 9. O-O
{[%clk 01:25:08]} {[%emt 00:06:22]} O-O {[%clk 01:26:50]} {[%emt 00:00:46]} 10.
Re1 {[%clk 01:23:06]} {[%emt 00:02:33]} b4 {[%clk 01:22:22]} {[%emt 00:04:58]}
11. Nb1 {[%clk 01:11:18]} {[%emt 00:12:17]} Nxe5 {[%clk 01:21:19]} {[%emt
00:01:33]} 12. Nxe5 {[%clk 01:08:20]} {[%emt 00:03:28]} Bxe5 {[%clk 01:20:42]}
{[%emt 00:01:08]} 13. Qxd8 {[%clk 01:08:15]} {[%emt 00:00:34]} Rxd8 {[%clk
01:21:02]} {[%emt 00:00:10]} 14. c3 {[%clk 01:08:06]} {[%emt 00:00:39]} Re8
{[%clk 01:18:26]} {[%emt 00:03:06]} 15. Bc4 {[%clk 01:07:07]} {[%emt 00:01:28]}
Bd6 {[%clk 01:16:34]} {[%emt 00:02:23]} 16. cxb4 {[%clk 01:06:27]} {[%emt
00:01:10]} Bxb4 {[%clk 01:15:15]} {[%emt 00:01:50]} 17. Re4 {[%clk 01:05:26]}
{[%emt 00:01:28]} Bd6 {[%clk 01:07:26]} {[%emt 00:08:20]} 18. Nc3 {[%clk
01:01:50]} {[%emt 00:04:05]} Bf5 {[%clk 01:04:51]} {[%emt 00:03:07]} 19. Re2
{[%clk 01:01:05]} {[%emt 00:01:14]} Nd7 {[%clk 01:03:47]} {[%emt 00:01:35]} 20.
Ne4 {[%clk 00:58:49]} {[%emt 00:02:40]} Be5 {[%clk 01:01:12]} {[%emt 00:03:02]}
21. h3 {[%clk 00:54:15]} {[%emt 00:05:14]} Bxe4 {[%clk 00:58:12]} {[%emt
00:03:30]} 22. Rxe4 {[%clk 00:53:53]} {[%emt 00:00:51]} Bxb2 {[%clk 00:58:30]}
{[%emt 00:00:12]} 23. Rd1 {[%clk 00:52:35]} {[%emt 00:01:45]} Nf6 {[%clk
00:57:45]} {[%emt 00:01:19]} 24. Re3 {[%clk 00:46:29]} {[%emt 00:06:35]} e6
{[%clk 00:56:47]} {[%emt 00:01:29]} 25. Rb1 {[%clk 00:38:19]} {[%emt 00:08:36]}
Bd4 {[%clk 00:56:03]} {[%emt 00:01:17]} 26. Rd3 {[%clk 00:38:13]} {[%emt
00:00:36]} Bxf2 {[%clk 00:54:44]} {[%emt 00:01:50]} 27. Kxf2 {[%clk 00:37:37]}
{[%emt 00:01:05]} Ne4 {[%clk 00:55:06]} {[%emt 00:00:08]} 28. Kg1 {[%clk
00:37:59]} {[%emt 00:00:07]} Nxg5 {[%clk 00:55:27]} {[%emt 00:00:10]} 29. Re1
{[%clk 00:33:24]} {[%emt 00:05:04]} h5 {[%clk 00:54:31]} {[%emt 00:01:28]} 30.
h4 {[%clk 00:33:45]} {[%emt 00:00:07]} Nh7 {[%clk 00:54:55]} {[%emt 00:00:06]}
31. Rd7 {[%clk 00:32:38]} {[%emt 00:01:37]} Nf6 {[%clk 00:53:56]} {[%emt
00:01:30]} 32. Rc7 {[%clk 00:31:35]} {[%emt 00:01:32]} Rec8 {[%clk 00:53:59]}
{[%emt 00:00:29]} 33. Rb7 {[%clk 00:30:56]} {[%emt 00:01:08]} Ne8 {[%clk
00:46:18]} {[%emt 00:08:12]} 34. Rd1 {[%clk 00:11:38]} {[%emt 00:19:47]} Rd8
{[%clk 00:44:44]} {[%emt 00:02:04]} 35. Rxd8 {[%clk 00:11:03]} {[%emt
00:01:05]} Rxd8 {[%clk 00:45:05]} {[%emt 00:00:10]} 36. Rxa7 {[%clk 00:11:22]}
{[%emt 00:00:11]} Rd1 {[%clk 00:44:54]} {[%emt 00:00:40]} 37. Kh2 {[%clk
00:11:45]} {[%emt 00:00:06]} Rd4 {[%clk 00:45:19]} {[%emt 00:00:06]} 38. Be2
{[%clk 00:11:24]} {[%emt 00:00:50]} Rxh4 {[%clk 00:45:18]} {[%emt 00:00:32]}
39. Kg3 {[%clk 00:11:48]} {[%emt 00:00:05]} Rd4 {[%clk 00:44:42]} {[%emt
00:01:06]} 40. Ra8 {[%clk 00:11:45]} {[%emt 00:00:33]} Kf8 {[%clk 00:44:00]}
{[%emt 00:01:12]} 41. a4 {[%clk 00:10:09]} {[%emt 00:02:07]} Ke7 {[%clk
00:43:23]} {[%emt 00:01:09]} 42. a5 {[%clk 00:08:43]} {[%emt 00:01:55]} Ra4
{[%clk 00:40:50]} {[%emt 00:03:02]} 43. a6 {[%clk 00:05:44]} {[%emt 00:03:29]}
Nc7 {[%clk 00:39:44]} {[%emt 00:01:37]} 44. Ra7 {[%clk 00:05:10]} {[%emt
00:01:04]} Kd8 {[%clk 00:39:36]} {[%emt 00:00:37]} 45. Bf3 {[%clk 00:01:04]}
{[%emt 00:04:34]} Rxa6 {[%clk 00:38:17]} {[%emt 00:01:51]} 46. Rxa6 {[%clk
00:01:27]} {[%emt 00:00:08]} Nxa6 {[%clk 00:38:43]} {[%emt 00:00:03]} 47. Bxc6
{[%clk 00:01:52]} {[%emt 00:00:05]} Ke7 {[%clk 00:38:39]} {[%emt 00:00:34]} 48.
Kf4 {[%clk 00:30:26]} {[%emt 00:01:54]} Kf6 {[%clk 01:08:47]} {[%emt 00:00:24]}
49. Ke4 {[%clk 00:29:43]} {[%emt 00:01:11]} Nb4 {[%clk 01:07:27]} {[%emt
00:01:52]} 50. Ba4 {[%clk 00:29:28]} {[%emt 00:00:46]} Nd5 {[%clk 01:07:43]}
{[%emt 00:00:13]} 51. Bb3 {[%clk 00:29:01]} {[%emt 00:00:55]} Kg5 {[%clk
01:07:44]} {[%emt 00:00:31]} 52. Kf3 {[%clk 00:28:44]} {[%emt 00:00:47]} h4
{[%clk 01:06:48]} {[%emt 00:01:27]} 53. Bc4 {[%clk 00:24:39]} {[%emt 00:04:34]}
Nf4 {[%clk 01:05:16]} {[%emt 00:02:02]} 54. Bf1 {[%clk 00:22:38]} {[%emt
00:02:31]} f5 {[%clk 01:05:14]} {[%emt 00:00:32]} 55. g3 {[%clk 00:18:52]}
{[%emt 00:04:15]} hxg3 {[%clk 01:05:16]} {[%emt 00:00:28]} 56. Kxg3 {[%clk
00:19:17]} {[%emt 00:00:06]} e5 {[%clk 01:05:14]} {[%emt 00:00:32]} 57. Bc4
{[%clk 00:19:12]} {[%emt 00:00:33]} e4 {[%clk 01:05:15]} {[%emt 00:00:31]} 58.
Kf2 {[%clk 00:18:51]} {[%emt 00:00:50]} Kh4 {[%clk 01:04:32]} {[%emt 00:01:14]}
59. Ke3 {[%clk 00:18:11]} {[%emt 00:01:10]} Nd3 {[%clk 01:04:15]} {[%emt
00:00:46]} 60. Bb5 {[%clk 00:14:40]} {[%emt 00:04:01]} g5 {[%clk 01:03:05]}
{[%emt 00:01:40]} 61. Bc6 {[%clk 00:13:30]} {[%emt 00:01:41]} g4 {[%clk
01:02:18]} {[%emt 00:01:18]} 0-1

[Event "DVM U14 2022"]
[Site "Kelheim GER"]
[Date "2022.12.28"]
[Round "4"]
[White "Ensslen, Jakob"]
[Black "Didas, Fynn"]
[Result "1/2-1/2"]
[Termination "normal"]
[Board "10.4"]
[WhiteElo "1345"]
[BlackElo "1217"]
[WhiteClock "00:31:16"]
[BlackClock "00:47:25"]
[WhiteTeam "Karlsruher SF 1853"]
[BlackTeam "SF Birkenfeld"]
[PlyCount "54"]
[WhiteFideId "34640258"]
[BlackFideId "34640231"]
[EventCountry "GER"]
[EventRounds "7"]
[EventType "team-swiss"]
[EventDate "2022.12.26"]

1. e4 {[%clk 01:30:30]} d6 {[%clk 01:30:30]} 2. d4 {[%clk 01:30:30]} Nf6 {[%clk
01:31:13]} {[%emt 00:33:04]} 3. Nc3 {[%emt 00:00:25]} g6 {[%clk 01:31:25]}
{[%emt 00:00:15]} 4. Nf3 {[%clk 01:28:54]} {[%emt 00:02:40]} Bg7 {[%clk
01:31:39]} {[%emt 00:00:16]} 5. Bc4 {[%clk 01:28:12]} {[%emt 00:01:12]} O-O
{[%clk 01:32:00]} {[%emt 00:00:09]} 6. O-O {[%clk 01:26:37]} {[%emt 00:02:05]}
Bg4 {[%clk 01:32:11]} {[%emt 00:00:19]} 7. Bg5 {[%clk 01:25:20]} {[%emt
00:01:47]} Nc6 {[%clk 01:30:58]} {[%emt 00:01:43]} 8. Be2 {[%clk 01:23:46]}
{[%emt 00:02:02]} Bxf3 {[%clk 01:30:50]} {[%emt 00:00:39]} 9. Bxf3 {[%clk
01:23:46]} {[%emt 00:00:30]} e5 {[%clk 01:30:26]} {[%emt 00:00:55]} 10. Ne2
{[%clk 01:17:03]} {[%emt 00:07:13]} Ne7 {[%clk 01:21:32]} {[%emt 00:09:23]} 11.
d5 {[%clk 01:16:49]} {[%emt 00:00:44]} Nd7 {[%clk 01:20:45]} {[%emt 00:01:17]}
12. a4 {[%clk 01:10:41]} {[%emt 00:06:39]} f5 {[%clk 01:20:00]} {[%emt
00:01:15]} 13. a5 {[%clk 01:01:53]} {[%emt 00:09:18]} f4 {[%clk 01:17:25]}
{[%emt 00:03:05]} 14. a6 {[%clk 01:00:32]} {[%emt 00:01:51]} b6 {[%clk
01:17:16]} {[%emt 00:00:38]} 15. b4 {[%clk 00:58:01]} {[%emt 00:03:02]} h6
{[%clk 01:15:29]} {[%emt 00:02:17]} 16. Bxe7 {[%clk 00:57:05]} {[%emt
00:01:25]} Qxe7 {[%clk 01:15:21]} {[%emt 00:00:38]} 17. Qd3 {[%clk 00:50:24]}
{[%emt 00:07:12]} h5 {[%clk 01:12:13]} {[%emt 00:03:37]} 18. h3 {[%clk
00:48:06]} {[%emt 00:02:48]} c5 {[%clk 01:07:31]} {[%emt 00:05:13]} 19. dxc6
{[%clk 00:45:07]} {[%emt 00:03:28]} Nf6 {[%clk 01:05:25]} {[%emt 00:02:37]} 20.
Nc3 {[%clk 00:43:28]} {[%emt 00:02:08]} Rac8 {[%clk 00:56:48]} {[%emt
00:09:08]} 21. b5 {[%clk 00:42:37]} {[%emt 00:01:21]} Qe6 {[%clk 00:54:04]}
{[%emt 00:03:14]} 22. Nd5 {[%clk 00:40:12]} {[%emt 00:02:55]} Nxd5 {[%clk
00:53:53]} {[%emt 00:00:40]} 23. Qxd5 {[%clk 00:40:06]} {[%emt 00:00:34]} Qxd5
{[%clk 00:54:05]} {[%emt 00:00:19]} 24. exd5 {[%clk 00:40:26]} {[%emt
00:00:11]} e4 {[%clk 00:54:04]} {[%emt 00:00:31]} 25. Bxe4 {[%clk 00:33:52]}
{[%emt 00:07:03]} Bxa1 {[%clk 00:54:28]} {[%emt 00:00:08]} 26. Rxa1 {[%clk
00:34:13]} {[%emt 00:00:09]} Kg7 {[%clk 00:52:44]} {[%emt 00:02:13]} 27. f3
{[%clk 00:31:16]} {[%emt 00:03:26]} Rc7 {[%clk 00:47:25]} 1/2-1/2